000 00624nam a2200253Ia 4500
003 OSt
005 20221007075115.0
006 a|||||r|||| 00| 0
007 ta
008 221006b |||||||| |||| 00| 0 eng d
020 _a8171180272
_cRs. 395/-
024 _a10,911
037 _cTextual
040 _aFLL
_cFLL
_beng
041 _2eng
_aeng
082 _aZ(Q7), N0
100 _aMulla
_9683289
245 0 _aMahomedan law
250 _a19th
260 _aNew Delhi
_bButterworths India
_c1990
300 _alii,346p
_ccm.
942 _hZ(Q7), N0
_cTEXL
_2CC
999 _c1154831
_d1154831